00286nam a22000977a 4500008004100000082001100041100002100052245005200073260005500125300000800180260601b |||||||| |||| 00| 0 eng d a001844 aKatti, Ranganath aCamatkara Camikaram of Sri Krsnavadhuta Pandita aBangalorebPoornaprajna Samshodhana Mandiramc2002 a56p